| 000 | 01230nam a2200325 a 4500 | ||
|---|---|---|---|
| 005 | 20200104041524.0 | ||
| 008 | 140121b1998 ck ||||| |||| 00| 0 spa d | ||
| 041 | _aspa | ||
| 044 | _ack | ||
| 090 |
_aIAvH _b00099 |
||
| 110 | 2 |
_bInstituto de Investigación de Recursos Biológicos Alexander von Humboldt _9204 |
|
| 245 | 1 | 0 |
_aBiodiversidad y sistemas de producción agrarios en zonas cafeteras y de colonización en el Guaviare : _binforme de avance 1 |
| 260 |
_aBogotá : _bInstituto Alexander von Humboldt, _bSINCHI, _c1998. |
||
| 300 |
_a112 p. _c28 cm. |
||
| 650 | 6 |
_aBiodiversidad _992204 |
|
| 650 | 4 |
_aSistemas de producción _992252 |
|
| 650 | 6 |
_aZona cafetera _927532 |
|
| 650 | 6 |
_aVegetación _927533 |
|
| 650 | 6 |
_aAgroecosistemas _927534 |
|
| 650 | 4 |
_aEcología del paisaje _992227 |
|
| 650 | 6 |
_aMamíferos _927535 |
|
| 650 | 4 |
_aFragmentación de bosques _9349 |
|
| 650 | 6 |
_aHormigas _927536 |
|
| 650 | 6 |
_aMicroorganismos _94169 |
|
| 650 | 6 |
_aSuelos _9287 |
|
| 662 |
_aColombia _bGuaviare |
||
| 710 | 2 |
_aInstituto Amazónico de Investigaciones Científicas SINCHI _9480 |
|
| 710 | 2 |
_aInstituto Colombiano para el Desarrollo de la Ciencia y la Tecnología "Francisco José de Caldas" _94581 |
|
| 942 |
_cINFORME _2z |
||
| 999 |
_c1730 _d1730 |
||